Sind : (Record no. 8513)
[ view plain ]
| 000 -LEADER | |
|---|---|
| fixed length control field | 01215nam a2200337 a 4500 |
| 001 - CONTROL NUMBER | |
| JCCL Control Number | 8513 |
| 003 - CONTROL NUMBER IDENTIFIER | |
| JCCL marc code | BD-JhCC |
| 005 - DATE AND TIME OF LATEST TRANSACTION | |
| control field | 20180226184419.0 |
| 008 - FIXED-LENGTH DATA ELEMENTS--GENERAL INFORMATION | |
| fixed length control field | 180226s19641964p ab b 001 0 eng d |
| 035 ## - SYSTEM CONTROL NUMBER | |
| system control number | (BD-JhCC)8513 |
| 035 ## - SYSTEM CONTROL NUMBER | |
| system control number | (OCoLC)07277845 |
| 035 ## - SYSTEM CONTROL NUMBER | |
| system control number | GLIS00386190 |
| 040 ## - CATALOGING SOURCE | |
| Original cataloging agency | BD-JhCC |
| Transcribing agency | DLC |
| Modifying agency | BD-JhCC |
| -- | MYG |
| 041 ## - LANGUAGE CODE | |
| Language code of Book | eng |
| 050 0# - LIBRARY OF CONGRESS CALL NUMBER | |
| Classification number | HT395.P32 |
| Item number | S568 1977 |
| 082 ## - DEWEY DECIMAL CLASSIFICATION NUMBER | |
| Author mark and Year | LAM 1964 |
| 099 ## - LOCAL FREE-TEXT CALL NUMBER | |
| Classification number | HT395.P32.S568 1977 |
| 100 ## - MAIN ENTRY--PERSONAL NAME | |
| Personal name | Lambrick, H. T. |
| 110 2# - MAIN ENTRY--CORPORATE NAME | |
| Corporate name or jurisdiction name as entry element | United Nations Centre for Regional Development. |
| 245 10 - TITLE STATEMENT | |
| Title | Sind : |
| Remainder of title | A General Introduction / |
| Statement of responsibility, etc | H. T. Lambrick, |
| 260 ## - PUBLICATION, DISTRIBUTION, ETC. (IMPRINT) | |
| Place of publication, distribution, etc | Pakistan : |
| Name of publisher, distributor, etc | Sindi Adabi Boardt, |
| Date of publication, distribution, etc | [1964] |
| 300 ## - PHYSICAL DESCRIPTION | |
| Pagination | 274 p. : |
| Other physical details | ill., maps ; |
| Dimensions | 22 cm. |
| 490 ## - SERIES STATEMENT | |
| Series statement | History of Sid Series |
| 500 ## - GENERAL NOTE | |
| General note | "UNCRD TD-6." |
| 504 ## - BIBLIOGRAPHY, ETC. NOTE | |
| Bibliography, etc | Includes bibliographical references. |
| 505 0# - FORMATTED CONTENTS NOTE | |
| Formatted contents note | v. 1, pt. 1-2. Present situation.--v. 2. Plan formulation, projection, objectives and targets.--v. 3, pt. 1-2. Plan formulation, strategies, programmes and projects.--v. 4. Implementation. |
| 650 #0 - SUBJECT ADDED ENTRY--TOPICAL TERM | |
| Topical term or geographic name as entry element | Regional planning |
| Geographic subdivision | Pakistan |
| -- | Sindh. |
| 942 ## - ADDED ENTRY ELEMENTS (KOHA) | |
| Source of classification or shelving scheme | Dewey Decimal Classification |
| Koha item type | Books |
| 949 ## - LOCAL PROCESSING INFORMATION (OCLC) | |
| a | MYGR |
| v | 1 |
| w | 1 |
| b | 39080005648800 |
| w | 2 |
| b | 39080005648818 |
| Source of classification or shelving scheme | volume number | Damaged status | Not for loan | Home library | Current library | Shelving location | Date of accession | Full call number | Barcode | Date last seen | Copy number | Koha item type |
|---|---|---|---|---|---|---|---|---|---|---|---|---|
| Dewey Decimal Classification | V-1 | JCC Rouf Library | JCC Rouf Library | General Stacks | 11/13/2023 | 954.918 LAM 1964 | 11014 | 02/26/2018 | C - 1 | Books |